| 000 | 01051nam a2200265 c 4500 | ||
|---|---|---|---|
| 003 | BLK | ||
| 005 | 20190913121155.0 | ||
| 008 | 180911b bul|||||r ||||||| ||bul|| | ||
| 010 | _a001859 | ||
| 040 | _aBLK | ||
| 041 | _aBUL | ||
| 080 | _z165.9 | ||
| 100 | 1 |
_aПАВЛОВ, Тодор _eпърви автор |
|
| 245 | 0 | 0 | _aПознаваемост на света |
| 246 | _aКъм въпроса за марксистко-ленинската теория на познанието ; Лекция, изнесена пред акад., чл.-кореспонденти, науч. сътрудници и препод. от БАН и ВУЗ | ||
| 260 |
_aСофия _bБАН _c1950 |
||
| 300 |
_a51 с _c21 см |
||
| 380 | _a1 | ||
| 490 | _aБАН. И-т по философия | ||
| 490 |
_aЧастна колекция - Академик Михаил Арнаудов _gДарение - Основен фонд |
||
| 655 | _aФилософия | ||
| 700 | 1 | _aТодор Павлов | |
| 852 | _aМА 2698 | ||
| 942 |
_cKNG _n0 |
||
| 944 |
_aCR _c1997 _kGGG |
||
| 999 |
_c342220 _d342220 |
||